000 00750nam a2200229Ii 4500
003 JO-AjNU
008 230605s9999||||xx |||||||||||||| ||und||
017 _a1999/10/1759
020 _a9957-11-072-1
040 _aJO-AjNU
_bara
_erda
_cJO-AjNU
041 _aara
050 1 4 _aJF56.A7.L38.2000
100 3 _aاللوزي ، موسى,
_eauthor
_928389
245 0 0 _aالتنمية الإدارية : المفاهيم ، الأسس ، التطبيقات
250 _aط1
264 3 1 _aعمان : دار وائل ،2000
300 _a362ص
336 _atext
_btxt
_2rdacontent
337 _aunmediated
_bn
_2rdamedia
338 _avolume
_bnc
_2rdacarrier
650 4 _aالعلوم التطبيقية -- التنمية الادارية
_928390
999 _aA11006
_c14574
_d14574